| 000 | 00669nam a2200181 a 4500 | ||
|---|---|---|---|
| 005 | 20140414131937.0 | ||
| 008 | 110120s19uu xx 00 eng d | ||
| 020 | _a0836825462 ( | ||
| 050 |
_aREF 959.57 _bYON |
||
| 100 | _aYong, Jui Lin. | ||
| 245 |
_aWelcome to Singapore / _c[written by Yong Jui Lin, James Michael Baker & Junia Marion Baker. |
||
| 260 |
_aMilwaukee, WI : _bGareth Stevens Pub., _c2003. |
||
| 440 | _aWelcome to my country | ||
| 500 | _aIncludes bibliographical references [p. 47] and index. | ||
| 520 | _a An overview of the geography, history, government, economy, people, and culture of Singapore. | ||
| 650 | _aSingapore. | ||
| 999 |
_c112478 _d112478 |
||